000 00455nam a2200181Ia 4500
008 210719s2003 xx 000 0 und d
020 _a81-87125-78-0
041 _aeng
082 _a330.028 UPEA
100 _aUPENDER (M)
245 _aApplied econometrics
260 _aDelhi
_bVrinda Publications (P) Ltd
_c2003
300 _ax,229
_bPB
365 _b120
_cRs
650 _aEconometrics
650 _aEconomics
906 _aApplied ; econometrics
999 _c214468
_d214468